• 首页
  • 本馆介绍
  • 公告通知
  • 最新文献
  • 馆藏检索
  • 电子资源
  • 读者导购
  • 参考咨询
  • 我的图书馆
  • 登录
  • 详细信息显示
  • 放入我的书架
  • 预约/预借图书
  • 作者相关作品
  • 分类相关作品
  • 丛书相关作品
  • 出版社相关作品

书目信息

  • 表格格式
  • 工作单格式
  • 卡片格式
题名:
股东诉讼的实施问题研究
    
 
作者: 郝磊 著
分册:  
出版信息: 北京   中国法制出版社  2012
页数: 295页
开本: 23cm
丛书名: 天津师范大学法学院精品文库
单 册:
中图分类: D922.291.914
科图分类:
主题词: 股份有限公司--股东--诉讼--研究--中国 , 股份有限公司 , 股东 , 诉讼
电子资源:
ISBN: 978-7-5093-3958-9
000 01241nam0 2200313 450
001 523
005 20140908081705.00
010    @a978-7-5093-3958-9@dCNY48.00
100    @a20121030d2012 emky0chiy50 ea
101 0  @achi
102    @aCN@b110000
105    @ay z 000yy
106    @ar
200 1  @a股东诉讼的实施问题研究@AGu Dong Su Song De Shi Shi Wen Ti Yan Jiu@dStudy on the application of shareholder litigation@f郝磊著@FHao Lei Zhu@zeng
210    @a北京@c中国法制出版社@d2012
215    @a295页@d23cm
225 2  @a天津师范大学法学院精品文库
300    @a天津市哲学社会科学研究规划资助项目“我国股东诉讼机制实施中的法律问题”(项目编号:TJFX08-24)最终研究成果
330    @a本书在对股东诉讼的适用范围界定、股东诉讼实施中《公司法》与相关法的关系协调等基本问题进行深入探讨的同时,对各种类型股东诉讼具体实施中所面临的法律问题做了研究。
461  0 @12001 @a天津师范大学法学院精品文库
510 1  @aStudy on the application of shareholder litigation@zeng
606 0  @a股份有限公司@x股东@x诉讼@x研究@y中国
606 0  @a股份有限公司
606 0  @a股东
606 0  @a诉讼
690    @aD922.291.914@v5
701  0 @a郝磊@AHao Lei@c(法学)@4著
801  0 @aCN@bTANGWEI@c20140603
905    @b0839590-92@dD922.291.914@e1121@f3
    
    股东诉讼的实施问题研究=Study on the application of shareholder litigation/郝磊著.-北京:中国法制出版社,2012
    295页;23cm.-(天津师范大学法学院精品文库)
    天津市哲学社会科学研究规划资助项目“我国股东诉讼机制实施中的法律问题”(项目编号:TJFX08-24)最终研究成果
    
    ISBN 978-7-5093-3958-9:CNY48.00
    本书在对股东诉讼的适用范围界定、股东诉讼实施中《公司法》与相关法的关系协调等基本问题进行深入探讨的同时,对各种类型股东诉讼具体实施中所面临的法律问题做了研究。
●
相关链接 在E读中查询图书 在五车中查询图书 在当当中查询图书 在豆瓣中查询图书


正题名:股东诉讼的实施问题研究     索取号:D922.291.914/1121         预约/预借

序号 登录号 条形码 馆藏地/架位号 状态 备注
1 0839590   208395903   第一样本阅览室/ [索取号:D922.291.914/1121] 在馆    
2 0839591   208395912   密集书库-史法系/ [索取号:D922.291.914/1121] 在馆    
3 0839592   208395921   第一借阅区/ [索取号:D922.291.914/1121] 在馆    
唐山师范学院图书馆 欢迎您!
大连网信软件有限公司© 版权所有